| 000 | 00412nam a22001457a 4500 | ||
|---|---|---|---|
| 020 | _a9780367562045 | ||
| 040 | _cNUST | ||
| 082 | _a621-MEC MEC | ||
| 100 |
_a Indri, Marina _998811 |
||
| 110 |
_aOboe, Roberto _998812 |
||
| 245 |
_aMechatronics and Robotics: _bNew Trends and Challenges |
||
| 260 |
_a Boca Raton: _bCRC Press, _c2021. |
||
| 650 |
_aMechatronics.Robotics.NUSTTB2022 _9102832 |
||
| 942 |
_2ddc _cBK |
||
| 999 |
_c591375 _d591375 |
||